Derecho de propiedad: socialismo y pensamiento cristiano
Guardat en:
| Autor principal: | |
|---|---|
| Format: | Llibre |
| Idioma: | espanyol |
| Publicat: |
Madrid
Taurus
1962
|
| Col·lecció: | Cuadernos Taurus, 39
|
| Matèries: | |
| Etiquetes: |
Afegir etiqueta
Sense etiquetes, Sigues el primer a etiquetar aquest registre!
|
MARC
| LEADER | 00000nam a2200000 a 4500 | ||
|---|---|---|---|
| 001 | UCL5155 | ||
| 003 | CL-VaPUC | ||
| 008 | 040305e19620000SP |||||||||||||||||spa|d | ||
| 082 | 0 | 4 | |a 261.7 |b CAL |2 21 |
| 100 | 0 | |a Calvez, Jean-Yves |e author |9 482850 | |
| 245 | 1 | 0 | |a Derecho de propiedad: socialismo y pensamiento cristiano |
| 300 | |a 45 p | ||
| 942 | |c BK | ||
| 945 | |d 20040305 00:00:00 |a vberengu | ||
| 260 | |a Madrid |b Taurus |c 1962 | ||
| 650 | 7 | |a IGLESIA Y SOCIEDAD |2 CL-VaPUC |9 399674 | |
| 650 | 0 | |a Derecho de propiedad |9 256450 | |
| 650 | 0 | |a Socialismo |9 255260 | |
| 650 | 7 | |a IGLESIA Y POLITICA |2 CL-VaPUC |9 482851 | |
| 583 | |a last modification |c 20040305 00:00:00 |k Rodrigo Vera | ||
| 490 | 0 | |a Cuadernos Taurus, 39 | |
| 999 | |c 307823 |d 307821 | ||
| 952 | |0 0 |1 0 |4 0 |6 261_700000000000000_CAL_1962 |7 0 |8 A |9 373953 |a BIBTEO |b BIBTEO |d 2019-11-21 |i 2104652 |o 261.7 CAL 1962 |p 2104652 |r 2025-01-17 |w 2019-11-21 |y BK |k ICR | ||